New private rental index (Record no. 117232)

MARC details
000 -LEADER
fixed length control field 01190cam a2200241 4500
001 - CONTROL NUMBER
control field WB4015-16
008 - FIXED-LENGTH DATA ELEMENTS--GENERAL INFORMATION
fixed length control field 040422n2004 000 0 eng u
035 ## - SYSTEM CONTROL NUMBER
System control number (Sirsi) u125921
245 ## - TITLE STATEMENT
Title New private rental index
260 ## - PUBLICATION, DISTRIBUTION, ETC.
Date of publication, distribution, etc. 2004
490 ## - SERIES STATEMENT
Series statement ODPM News Release
Volume/sequential designation (2004/0100) 22 April 2004 (1)
520 ## - SUMMARY, ETC.
Summary, etc. A new quarterly index of private rental sector rents is published by ODPM. The quarterly index for England is created using the data collected by the Survey of English Housing. The index is released on an experimental basis as the methodology is still under development. The index is published in Housing Statistics Summary no 20: introducing the ODPM experimental quarterly private rental index at http://www.odpm.gov.uk/pns//pnattach/20040100/1.pd f. ODPM news release http://www.odpm.gov.uk/pns/DisplayPN.cgi?pn_id=200 4_0100.
590 ## - LOCAL NOTE (RLIN)
Local note WB
590 ## - LOCAL NOTE (RLIN)
Local note WB
650 ## - SUBJECT ADDED ENTRY--TOPICAL TERM
Topical term or geographic name entry element PRIVATE SECTOR RENTS
650 ## - SUBJECT ADDED ENTRY--TOPICAL TERM
Topical term or geographic name entry element SURVEY OF ENGLISH HOUSING
650 ## - SUBJECT ADDED ENTRY--TOPICAL TERM
Topical term or geographic name entry element HOUSING STATISTICS
650 ## - SUBJECT ADDED ENTRY--TOPICAL TERM
Topical term or geographic name entry element RENT INDICES
650 ## - SUBJECT ADDED ENTRY--TOPICAL TERM
Topical term or geographic name entry element RESIDENTIAL PROPERTY
9 (RLIN) 6266
650 ## - SUBJECT ADDED ENTRY--TOPICAL TERM
Topical term or geographic name entry element ODPM EXPERIMENTAL QUARTERLY PRIVATE RENTAL INDEX
690 ## - LOCAL SUBJECT ADDED ENTRY--TOPICAL TERM (OCLC, RLIN)
Topical term or geographic name as entry element HOUSING-PRIVATE RENTED SECTOR
942 ## - ADDED ENTRY ELEMENTS (KOHA)
Suppress in OPAC 0
Holdings
Withdrawn status Lost status Source of classification or shelving scheme Damaged status Not for loan Home library Current library Shelving location Date acquired Total Checkouts Full call number Barcode Date last seen Copy number Price effective from Koha item type
    Dewey Decimal Classification     London London News article 22/04/2004   WB4015-16 125921-1001 06/08/2019 1 06/08/2019 News article